| 000 | 00624nam a2200253Ia 4500 | ||
|---|---|---|---|
| 008 | 171120s9999 xx 000 0 und d | ||
| 020 | _a9.7897100408e+012 | ||
| 050 | _a220.52 | ||
| 050 | _bI121 2010 | ||
| 100 | _aIbañez, Rodolfo | ||
| 245 | 4 | _aThe road to Emmaus / | |
| 245 | _cby Rodolfo Ibañez. | ||
| 260 | _aPhilippines : | ||
| 260 | _bSt. Pauls, | ||
| 260 | _c2010 | ||
| 300 | _axxiii, 290 pages : | ||
| 300 | _billustrations ; | ||
| 300 | _c23cm. | ||
| 650 | _aBible -- | ||
| 650 | _aBible. -- | ||
| 650 | _xDevotional use. | ||
| 650 | _xLuke, XXIV, 28-35 -- Illustrations. | ||
| 700 | _aTitle. | ||
| 999 |
_c345432 _d345432 |
||